Città più popolose Friuli-Venezia Giulia - Statistics

Statistiche generali
  • Questo quiz è stato fatto 171 volte
    44 dall'ultimo reset
  • Il punteggio medio è 7 su 10
Statistiche sulle risposte
Popolazione Provincia Città % Corretto
33 786 Gorizia Gorizia
100%
52 383 Pordenone Pordenone
100%
199 395 Trieste Trieste
100%
98 431 Udine Udine
100%
30 205 Gorizia Monfalcone
83%
20 036 Pordenone Sacile
51%
15 888 Udine Codroipo
46%
17 798 Pordenone Cordenons
37%
15 220 Pordenone San Vito al Tagliamento
31%
15 755 Pordenone Azzano Decimo
29%
Nessun quiz corrispondente trovato
Distribuzione punteggi
Percentuale di utenti per punteggio
Percentile per numero di risposta
I tuoi punteggi nel tempo
Non hai fatto questo quiz dall'ultimo reset